| 000 | 00898nam a22001937a 4500 | ||
|---|---|---|---|
| 005 | 20231113161930.0 | ||
| 008 | 231113b ||||| |||| 00| 0 eng d | ||
| 020 | _a1607975181 | ||
| 020 | _a9781607975182 | ||
| 040 |
_aWIUC - GH _cWIUC - GH |
||
| 050 | _aP91.F51 | ||
| 100 |
_aFiordo, Richard _92844 |
||
| 245 |
_aNarration as communication: from face-to-face to rich media storytelling. / _cRichard Fiordo |
||
| 260 |
_a`Ronkonkoma, NY _bLinus Learning _c2015 |
||
| 300 |
_av, 204 p : _bills. refs ; |
||
| 505 | _aContents: Introduction and overview -- Many modes of narration -- Framing and learning in storytelling -- Categories for classifying stories -- Historical narration -- Reception theory and kindred perspectives -- Deception theory and kindred perspectives -- Criticizing, generating, and judging narrations | ||
| 650 |
_aStorytelling _vhuman communication _92845 |
||
| 942 |
_2lcc _cBK |
||
| 999 |
_c10233 _d17733 |
||